LEADER 00906nam0-22002771i-450- 001 990000245530403321 005 20001010 035 $a000024553 035 $aFED01000024553 035 $a(Aleph)000024553FED01 035 $a000024553 100 $a20001010d--------km-y0itay50------ba 101 0 $aita 105 $ay-------001yy 200 1 $aArchitettura pratica$evolume terzo, tomo secondo$ecomposizione degli edifici$esezione settima$egli edifici per l'istru-zione e la cultura$esezione ottava$eci- miteri e monumenti funebri. 210 $aTorino$cUnione Tipografico-Editrice Torinese$d1958. 215 $a841 p. ill. 26 cm 700 1$aCarbonara,$bPasquale$02209 801 0$aIT$bUNINA$gRICA$2UNIMARC 901 $aBK 912 $a990000245530403321 952 $a12 MTD 325(3)$bMTD 90/19 cd$fDARPU 959 $aDARPU 996 $aArchitettura pratica$975595 997 $aUNINA DB $aING01 LEADER 01418nam0-2200421---450- 001 990008643360403321 005 20130327112619.0 035 $a000864336 035 $aFED01000864336 035 $a(Aleph)000864336FED01 035 $a000864336 100 $a20080407g19319999km-y0itay50------ba 101 2 $agrc$afre 102 $aFR 105 $ay-------001yy 200 1 $aAnabase$fXénophon$gtexte établi et traduit par Paul Masqueray 210 $aParis$cLes Belles lettres$d1931 215 $av.$d21 cm 225 1 $aCollection des universités de France 327 0 $a1.: Livres 1.-3.$a2.: Livres 4.-7. 500 10$aAnabasis$m$917569 676 $a880.01 700 0$aXenophon$f<427/26- ca. 353 a. C.>$075253 702 1$aMasqueray,$bPaul$f<1862-1931> 801 0$aIT$bUNINA$gRICA$2UNIMARC 901 $aBK 912 $a990008643360403321 952 $aP2B-600-B.L.-XENOPH.-406A (1 Bis)-1949$bBibl.22740$fFLFBC 952 $aP2B-600-B.L.-XENOPH.-406A (2 Ter)-1931$bBibl.19855$fFLFBC 952 $aP2B-600-B.L.-XENOPH.-406A (1)-1964$bs.i.$fFLFBC 952 $aP2B-600-B.L.-XENOPH.-406A (2)-1961$bs.i.$fFLFBC 952 $aP2B-600-B.L.-XENOPH.-406A (2 Bis)-1961$bs.i.$fFLFBC 952 $aArangio Ruiz C VI 10 (2)$b143/2$fDDR 952 $aArangio Ruiz C VI 10 (1)$b143/1$fDDR 959 $aFLFBC 959 $aDDR 996 $aAnabasis$917569 997 $aUNINA LEADER 03763nam 2200709Ia 450 001 9910780739403321 005 20230725041514.0 010 $a1-282-70643-8 010 $a9786612706431 010 $a3-11-021508-X 024 7 $a10.1515/9783110215083 035 $a(CKB)2480000000000014 035 $a(EBL)555743 035 $a(OCoLC)654029409 035 $a(SSID)ssj0000421632 035 $a(PQKBManifestationID)11293584 035 $a(PQKBTitleCode)TC0000421632 035 $a(PQKBWorkID)10412613 035 $a(PQKB)10653738 035 $a(WaSeSS)Ind00014391 035 $a(DE-B1597)36079 035 $a(OCoLC)663973603 035 $a(OCoLC)965702028 035 $a(DE-B1597)9783110215083 035 $a(Au-PeEL)EBL555743 035 $a(CaPaEBR)ebr10402633 035 $a(CaONFJC)MIL270643 035 $a(MiAaPQ)EBC555743 035 $a(EXLCZ)992480000000000014 100 $a20100707d2010 uy 0 101 0 $ager 135 $aur||||||||||| 181 $ctxt 182 $cc 183 $acr 200 04$aDie Kommentierung des Buches Genesis$b[electronic resource] $eOrigenes /$feingeleitet und u?bersetzt von Karin Metzler 210 $aBerlin $cDe Gruyter$d2010 215 $a1 online resource (367 p.) 225 0 $aWerke mit deutscher U?bersetzung / Origenes ;$vBd. 1/1 300 $aDescription based upon print version of record. 311 $a3-11-019344-2 320 $aIncludes bibliographical references and index. 327 $tFrontmatter --$tInhalt --$tEditorial --$tFormalia und Ausgaben --$tEinleitung --$tDie Kommentierung des Buches Genesis --$tA. Testimonien für Gattungen, Titel und Werkbezeichnungen exegetischer Werke zur Genesis --$tB. Testimonien zu Entstehungsgeschichte und Umfang des Genesiskommentars --$tC. Testimonien zum Inhalt --$tD. Fragmente zu Gen. 1,1-5,1 (größtenteils aus dem Kommentar) --$tE. Fragmente zu Gen. 5,2-49,9 (vermutlich großenteils aus den ,Scholia') --$tF. Fragmentum spurium --$tBackmatter 330 $aIn diesem Band sind die erhaltenen Fragmente aus der Genesiskommentierung ediert; die Auszüge stammen aus seinem Genesiskommentar, der die Schöpfungsgeschichte (Gen 1,1-5,1) kommentierte, und aus den Scholien, die sich auf den Rest des biblischen Buches bezogen. Der griechische Text ist der neuen Edition in den Griechischen christlichen Schriftstellern entnommen.Ausgehend von den Verständnisschwierigkeiten, die sich aus der biblischen Aussageform und den durch die Übersetzung ins Griechische entstandenen Dunkelheiten ergeben, löst der ehemalige Grammatiklehrer Origenes auf eigenwillige Weise sprachliche Rätsel und führt seine Auslegung zu unerwarteten Schlüssen. Besonderes Gewicht haben die Ausführungen zur biblischen Schöpfungsgeschichte, aus der grundsätzliche Schlussfolgerungen über Gott und Mensch gezogen werden. Hier finden sich Grundlegungen der christlichen Kosmologie, die Auseinandersetzung um ein anthropozentrisches Gottesbild, der Streit um die Berechtigung der Astrologie und die Annahme des freien Willens, selbst Fragen der Christologie. Für die Geschichte der Patriarchen wendet Origenes seine einzig dastehende Exegese mit der oft angegriffenen allegorischen Auslegungsmethode an. 606 $aCreationism 610 $aExegesis. 610 $aGenesis. 610 $aHermeneutics. 610 $aOld Testament. 615 0$aCreationism. 676 $a222.1107 676 $a222/.1107 686 $aCD 6150$2rvk 700 $aOrigenes$0164524 701 $aMetzler$b Karin$0624423 801 0$bMiAaPQ 801 1$bMiAaPQ 801 2$bMiAaPQ 906 $aBOOK 912 $a9910780739403321 996 $aDie Kommentierung des Buches Genesis$93807512 997 $aUNINA LEADER 02754oam 22006491 450 001 9910782291203321 005 20240102112702.0 010 $a1-281-34124-X 010 $a9786611341244 010 $a0-19-152801-3 035 $a(CKB)1000000000535729 035 $a(EBL)415598 035 $a(OCoLC)476243561 035 $a(SSID)ssj0000212728 035 $a(PQKBManifestationID)11184849 035 $a(PQKBTitleCode)TC0000212728 035 $a(PQKBWorkID)10138380 035 $a(PQKB)10491827 035 $a(MiAaPQ)EBC415598 035 $a(Au-PeEL)EBL415598 035 $a(CaPaEBR)ebr10229900 035 $a(CaONFJC)MIL134124 035 $a(OCoLC)437093953 035 $a(EXLCZ)991000000000535729 100 $a20080414d2008 uy 0 101 0 $aeng 135 $aur||||||||||| 181 $ctxt$2rdacontent 181 $csti$2rdacontent 182 $cc$2rdamedia 183 $acr$2rdacarrier 200 10$aNuclear weapons $ea very short introduction /$fJoseph M. Siracusa 210 1$aOxford :$cOxford University Press,$d2008. 215 $a1 online resource (161 pages) 225 1 $aVery short introductions ;$v179 300 $aDescription based upon print version of record. 311 0 $a0-19-922954-6 320 $aIncludes bibliographical references (p. 130-138) and index. 327 $a1 What are nuclear weapons?; 2 Building the bomb; 3 'A choice between the quick and the dead'; 4 Race for the H-bomb; 5 Nuclear deterrence and arms control; 6 Star Wars; 7 Nuclear weapons in the age of terrorism; References and further reading; Index; 330 $aIn a fluid and uncertain world, wracked by fears of terrorism, the Bomb matters. Indeed it may matter more today than at any time before or during the Cold War. This book reveals why - providing a lucid and chilling account of nuclear weapons, their history, their role in global politics, and how we have - so far - managed to avoid armageddon. - ;Despite not having been used in anger since Hiroshima and Nagasaki, the Bomb is still the biggest threat that faces us in the 21st century. As Bill Clinton's first secretary of defence, Les Aspin, aptly put it: 'The Cold War is over, the Soviet Union 410 0$aVery short introductions ;$v179. 606 $aNuclear weapons 606 $aNuclear weapons$xHistory 606 $aNuclear arms control 615 0$aNuclear weapons. 615 0$aNuclear weapons$xHistory. 615 0$aNuclear arms control. 676 $a355.825119 676 $a623.4/5119 700 $aSiracusa$b Joseph M.$0191502 801 0$bMiAaPQ 801 1$bMiAaPQ 801 2$bMiAaPQ 906 $aBOOK 912 $a9910782291203321 996 $aNuclear weapons$93817561 997 $aUNINA LEADER 03290oam 2200673zu 450 001 9910131793903321 005 20210807004837.0 010 $a2-8218-2676-1 010 $a2-8218-1770-3 024 7 $a10.4000/books.pupo.391 035 $a(CKB)3460000000122235 035 $a(SSID)ssj0001539029 035 $a(PQKBManifestationID)11921744 035 $a(PQKBTitleCode)TC0001539029 035 $a(PQKBWorkID)11528722 035 $a(PQKB)10846191 035 $a(WaSeSS)IndRDA00044924 035 $a(FrMaCLE)OB-pupo-391 035 $a(oapen)https://directory.doabooks.org/handle/20.500.12854/51004 035 $a(PPN)18240188X 035 $a(oapen)doab51004 035 $a(EXLCZ)993460000000122235 100 $a20160829d2010 uy 101 0 $afre 135 $aur||||||||||| 181 $ctxt 182 $cc 183 $acr 200 00$aJustice et injustices spatiales 210 $cPresses universitaires de Paris Nanterre$d2010 210 31$a[Place of publication not identified]$cPresses universitaires de Paris Ouest$d2010 215 $a1 online resource (315 pages) 225 0 $aSciences humaines et sociales 300 $aBibliographic Level Mode of Issuance: Monograph 311 08$a2-84016-056-0 330 $aLe débat sur la justice et l'injustice est central et urgent dans les sociétés démocratiques, et la justice sociale est l'horizon de la plupart des politiques d'action sur les territoires. Mais le doute sur les grands récits explicatifs du monde a conduit souvent à relativiser tout discours sur la justice. Ce processus est renforcé par l'émergence de mouvements sociaux divers (féministes, écologistes, anti-racistes...) et par le développement du multiculturalisme : en un même lieu et au même moment se confrontent des acteurs qui ont des conceptions différentes du « juste » et de « l'injuste ». Dans le même temps certains discours ultra-libéraux se passent de plus en plus de la notion de justice sociale. C'est dans ce contexte que se placent les auteurs réunis ici pour interroger spécifiquement la dimension spatiale de la justice sociale. Celle-ci peut être aussi présentée comme l'acceptation de la différence et donc conduire à prôner une politique territoriale attentive aux droits des groupes et une définition procédurale et non plus structurelle de la justice ; de ce point de vue la question des identités et des minorités est d'une actualité brûlante... 606 $aSociology & Social History$2HILCC 606 $aSocial Sciences$2HILCC 606 $aSocial Change$2HILCC 610 $athéories de la justice 610 $acompétition ethnique 610 $aChicago 610 $auniversalisme 610 $ainégalités 610 $ajustice spatiale 610 $aNigeria 610 $aCameroun 615 7$aSociology & Social History 615 7$aSocial Sciences 615 7$aSocial Change 700 $aBernard Bret$b Philippe Gervais-Lambony, Claire Hancock, Frédéric Landy (dir.)$4auth$01356252 702 $aBret$b Bernard 702 $aGervais-Lambony$b Philippe 702 $aHancock$b Claire 801 0$bPQKB 906 $aBOOK 912 $a9910131793903321 996 $aJustice et injustices spatiales$93360574 997 $aUNINA